Vista normal Vista MARC
  • Noreña, Cristian

Entrada Nombre personal

Número de registros utilizados en: 5

001 - NÚMERO DE CONTROL

  • campo de control: 44277

003 - IDENTIFICADOR DEL NÚMERO DE CONTROL

  • campo de control: OSt

005 - FECHA Y HORA DE LA ÚLTIMA TRANSACCIÓN

  • campo de control: 20200602063458.0

008 - DATOS DE LONGITUD FIJA

  • campo de control de longitud fija: 200602|| aca||aabn | a|a d

040 ## - FUENTE DE LA CATALOGACIÓN

  • Centro catalogador/agencia de origen: OSt
  • Centro/agencia transcriptor: OSt

100 ## - ENCABEZAMIENTO-NOMBRE DE PERSONA

  • Nombre de persona: Noreña, Cristian

670 ## - FUENTE DE DATOS ENCONTRADOS

  • Cita de la fuente: Work cat.: (OSt)16392: Martínez L., Gerardo 33358, Manejo integrado de la pudrición del cogollo (PC) de la palma de aceite, 2009